<?xml version="1.0" encoding="UTF-8"?>
<collection xmlns="http://www.loc.gov/MARC21/slim">
    <record>
        <controlfield tag="001">7105</controlfield>
        <controlfield tag="005">20150325135934.0</controlfield>
        <datafield tag="037" ind1=" " ind2=" ">
            <subfield code="a">TAZ-PFC-2012-171</subfield>
        </datafield>
        <datafield tag="041" ind1=" " ind2=" ">
            <subfield code="a">spa</subfield>
        </datafield>
        <datafield tag="100" ind1="1" ind2=" ">
            <subfield code="a">Conte Cuello, Carlos</subfield>
        </datafield>
        <datafield tag="245" ind1="0" ind2="0">
            <subfield code="a">Construcción de una explotación avícola de pollos de engorde para 50.000 plazas, en Robres (Huesca)</subfield>
        </datafield>
        <datafield tag="260" ind1=" " ind2=" ">
            <subfield code="a">Zaragoza</subfield>
            <subfield code="b">Universidad de Zaragoza</subfield>
            <subfield code="c">2012</subfield>
        </datafield>
        <datafield tag="506" ind1=" " ind2=" ">
            <subfield code="a">by-nc-sa</subfield>
            <subfield code="b">Creative Commons</subfield>
            <subfield code="c">3.0</subfield>
            <subfield code="u">http://creativecommons.org/licenses/by-nc-sa/3.0/</subfield>
        </datafield>
        <datafield tag="520" ind1=" " ind2=" ">
            <subfield code="a">En el presente proyecto se ha realizado un estudio para la construcción de una explotación avícola de dos naves para pollos de engorde (broilers) con capacidad para 50.000 plazas con el objetivo de que dicha explotación sea rentable y poder obtener un beneficio económico de la actividad ganadera. Para ello se han diseñado todas las instalaciones que han de llevar cada una de las naves, como son la fontanería, la calefacción, la refrigeración, la ventilación y la instalación eléctrica. También se ha diseñado y calculado toda la estructura y cimentación de nave. Por último, se ha tenido que realizar un estudio y diseño de las instalaciones auxiliares para cumplir la legislación vigente. Para todo ello ha sido necesario hacer una revisión y estudio de la legislación vigente de hoy en día que regula las instalaciones ganaderas para cumplir con el reglamento. Un estudio de seguridad y salud que se ajustase a dicho proyecto así como un pliego de condiciones acorde con el mismo. También se ha realizado un estudio económico para analizar si la inversión es rentable y económicamente viable o no. Según los índices económicos calculados en dicho estudio, el proyecto si es rentable con una vida útil de 25 años, por lo tanto el proyecto se considera viable.</subfield>
        </datafield>
        <datafield tag="521" ind1=" " ind2=" ">
            <subfield code="a">Ingeniero Agrónomo (segundo ciclo)</subfield>
        </datafield>
        <datafield tag="540" ind1=" " ind2=" ">
            <subfield code="a">Derechos regulados por licencia Creative Commons</subfield>
        </datafield>
        <datafield tag="653" ind1="1" ind2=" ">
            <subfield code="a">construcción</subfield>
        </datafield>
        <datafield tag="653" ind1="1" ind2=" ">
            <subfield code="a">explotación avícola</subfield>
        </datafield>
        <datafield tag="653" ind1="1" ind2=" ">
            <subfield code="a">pollos de engorde</subfield>
        </datafield>
        <datafield tag="700" ind1=" " ind2=" ">
            <subfield code="a">Guillén Torres, Jesús</subfield>
            <subfield code="e">dir.</subfield>
        </datafield>
        <datafield tag="710" ind1="2" ind2=" ">
            <subfield code="a">Universidad de Zaragoza</subfield>
            <subfield code="b">Ingeniería de Diseño y Fabricación</subfield>
            <subfield code="c">Proyectos de Ingeniería</subfield>
        </datafield>
        <datafield tag="856" ind1="0" ind2=" ">
            <subfield code="f">552787@celes.unizar.es</subfield>
        </datafield>
        <datafield tag="856" ind1="4" ind2=" ">
            <subfield code="s">2206895</subfield>
            <subfield code="u">http://zaguan.unizar.es/record/7105/files/TAZ-PFC-2012-171.pdf</subfield>
            <subfield code="y">Memoria (spa)</subfield>
        </datafield>
        <datafield tag="856" ind1="4" ind2=" ">
            <subfield code="s">3167576</subfield>
            <subfield code="u">http://zaguan.unizar.es/record/7105/files/TAZ-PFC-2012-171_ANE.pdf</subfield>
            <subfield code="y">Anexos (spa)</subfield>
        </datafield>
        <datafield tag="909" ind1="C" ind2="O">
            <subfield code="o">oai:zaguan.unizar.es:7105</subfield>
            <subfield code="p">driver</subfield>
            <subfield code="p">proyectos-fin-carrera</subfield>
        </datafield>
        <datafield tag="950" ind1=" " ind2=" ">
            <subfield code="a"></subfield>
        </datafield>
        <datafield tag="980" ind1=" " ind2=" ">
            <subfield code="a">TAZ</subfield>
            <subfield code="b">PFC</subfield>
            <subfield code="c">EPSHUES</subfield>
        </datafield>
    </record>

    
</collection>